000 003060000a22001450004500
003 MACL
040 _aMACL
090 _c33126
_d33124
100 _aKhanna, Sharma
245 _aGeneral Knowledge
260 _bKumar Publications
_c2002
350 _a60
650 _aGeneralities
942 _cBOOK
_k001/KHA
999 _c32784
_d32784